| 000 | 00646nam a2200181 i 4500 | ||
|---|---|---|---|
| 001 | 142246 | ||
| 003 | ES-MaACL | ||
| 005 | 20250708063327.0 | ||
| 007 | t| | ||
| 008 | 071004s1914 fr ||||1| fre d | ||
| 100 | 0 |
_aVigny, Alfred de, _d1797-1863 _9114659 |
|
| 245 | 1 | 0 |
_aLettres inédites de Alfred de Vigny au marquis et a la marquése de la Grange (1827-1861) / _cAlfred de Vigny ; publieés avec une introdution et notes par Albert de Luppé. |
| 260 |
_aParis : _bLouis Conard, _c1914. |
||
| 300 |
_aXVI, 163 p. : _bil. ; _c21 cm. |
||
| 700 | 1 |
_aLuppé, Albert. _974806 |
|
| 852 |
_aES-MaACL _jF-9227 |
||
| 999 |
_c142246 _d142246 |
||